000 01883nam a2200265Ia 4500
008 260220t1992||||xx |||||||||||||| ||spa||
020 _a968244473X
040 _aPY-SlUNAC
_bspa
_erda
041 _aspa
082 _a631.43
_bC314m
100 _aCavazos, Reresita
_eAutor
245 0 _aManual de prácticas de física de suelos /
_cpor Reresita Cavazos [Autor] y Octavio Rodriguez [Autor]
264 _aCiudad de México :
_bTrillas,
_c℗1992.
300 _a1 volumen
520 _aEl "Manual de prácticas de física de suelos" de Reresita Cavazos es una obra fundamental para estudiantes y profesionales en el campo de la ingeniería civil y la geotecnia. Publicado en 1992 por Trillas, el libro ofrece una serie de prácticas diseñadas para comprender y aplicar los principios de la física de suelos, que son cruciales para el diseño y análisis de estructuras. A lo largo de sus capítulos, se presentan métodos experimentales que permiten evaluar propiedades mecánicas y físicas del suelo, como la compresibilidad, la permeabilidad y la cohesión. Además, el manual incluye una introducción teórica que explica los conceptos clave, lo que facilita el aprendizaje práctico. La obra se distingue por su enfoque didáctico, que combina teoría y práctica, y por proporcionar ejemplos claros y procedimientos sistemáticos. En conjunto, este manual se convierte en una herramienta indispensable para la formación de ingenieros y técnicos en el manejo y análisis de suelos, contribuyendo a la seguridad y eficiencia en obras de construcción.
653 _aFísica del suelo
653 _aMecánica de suelos
653 _aPrácticas educativas
700 _aRodriguez, Octavio
_eAutor
942 _b2026/02/17
_cBK
999 _c8624
_d8624